Macroeconomia (Registro nro. 5263)
[ vista simple ]
| 000 -LEADER | |
|---|---|
| fixed length control field | 01792 a2200265 4500 |
| 001 - CONTROL NUMBER | |
| control field | 53839 |
| 005 - DATE AND TIME OF LATEST TRANSACTION | |
| control field | 20260407155809.0 |
| 008 - FIXED-LENGTH DATA ELEMENTS--GENERAL INFORMATION | |
| fixed length control field | 260407a2005 arg spa d |
| 003 - CONTROL NUMBER IDENTIFIER | |
| control field | AR-UNSa-BCEJYS |
| 040 ## - CATALOGING SOURCE | |
| Original cataloging agency | AR-UNSa-BCEJYS |
| Language of cataloging | spa |
| Transcribing agency | AR-UNSa-BCEJYS |
| 080 ## - UNIVERSAL DECIMAL CLASSIFICATION NUMBER | |
| Universal Decimal Classification number | 330.101.541 |
| Common auxiliary subdivision | Macroeconomía |
| 020 ## - INTERNATIONAL STANDARD BOOK NUMBER | |
| International Standard Book Number | 970-686-428-8 |
| 041 ## - LANGUAGE CODE | |
| Language code of text/sound track or separate title | spa |
| 100 1# - MAIN ENTRY--PERSONAL NAME | |
| Personal name | Miller, Roger LeRoy |
| 245 10 - TITLE STATEMENT | |
| Title | Macroeconomia |
| Name of part/section of a work | teoría, polìticas y aplicaciones internacionales |
| 250 ## - EDITION STATEMENT | |
| Edition statement | 3a. ed. |
| 264 #1 - PRODUCTION, PUBLICATION, DISTRIBUTION, MANUFACTURE, AND COPYRIGHT NOTICE | |
| Place of production, publication, distribution, manufacture | México : |
| Name of producer, publisher, distributor, manufacturer | Thomson |
| Date of production, publication, distribution, manufacture, or copyright notice | 2005 |
| 300 ## - PHYSICAL DESCRIPTION | |
| Extent | xxiii, 549 p. |
| Dimensions | 26 cm. |
| 505 ## - FORMATTED CONTENTS NOTE | |
| Formatted contents note | 1. La macroeconomía - 2. Medición de las variables macroeconómicas - 3. Teoría macroeconómica clásica:Empleo, producción y precios - 4. Tasas de interés y tipos de cambio - 5. La teoría del crecimiento económico - 6. Los fundamentos del sistema Keynesiano - 7. Política fiscal:¿Para que sirven las políticas fiscales y las del gasto público? - 8. El dinero en el sistema Keynesiano tradicional - 9. Tipos de cambio y balanzas de pagos - 10. La posición keynesiana y la monetarista ante la determinación de los precios y la producción - 11. Expectativas racionales, macroeconomía neoclásica y mercados financieros - 12. Teoría Keynesiana moderna con expectativas racionales - 13. Los teóricos Keynesianosy los teóricos del ciclo de la actividad real de las empresas - 14. Objetivos y metas de la política macroeconómica - 15. La política macroeconómica discrecional o no sujeta a reglas - 16. Dimensiones internacionales de la política macroeconómica |
| 590 ## - LOCAL NOTE (RLIN) | |
| Local note | niveau_biblio:m niveau_hierar:0 |
| 700 1# - ADDED ENTRY--PERSONAL NAME | |
| Personal name | VanHoose, David |
| 700 1# - ADDED ENTRY--PERSONAL NAME | |
| Personal name | Armenta Fraire, Leticia |
| 856 41 - ELECTRONIC LOCATION AND ACCESS | |
| Uniform Resource Identifier | <a href="https://www.biblioeco.unsa.edu.ar/pmb/images/libros/L128444.jpg">https://www.biblioeco.unsa.edu.ar/pmb/images/libros/L128444.jpg</a> |
| Link text | Imagen de portada |
| Electronic format type | image/jpeg |
| 942 ## - ADDED ENTRY ELEMENTS (KOHA) | |
| Koha item type | |
| Withdrawn status | Lost status | Damaged status | Not for loan | Home library | Current library | Shelving location | Date acquired | Total checkouts | Full call number | Barcode | Date last seen | Price effective from | Koha item type |
|---|---|---|---|---|---|---|---|---|---|---|---|---|---|
| Biblioteca Prof. Eusebio Cleto del Rey | Biblioteca Prof. Eusebio Cleto del Rey | 07/04/2026 | 330.101.541 M646t 3ed. | L128444 | 07/04/2026 | 07/04/2026 | Libro |